تخطي إلى المحتوى

Пропедевтика внутренних болезней. Сборник тестовых заданий учебное пособие в 3 частях Ч. 1 Пропедевтика внутренних болезней. Сборник тестовых заданий

Сборник тестовых заданий «Пропедевтика внутренних болезней (часть I)» включает вводную базовую часть по темам занятий «Система дыхания. Система мочеотделения. Эндокринная система», согласно учебному плану, а также содержит проверочный блок по усвоению разделов дисциплины «Пропедевтика внутренних бол...

وصف كامل

محفوظ في:
التفاصيل البيبلوغرافية
المؤلف الرئيسي: Стаценко М. Е.
مؤلفون آخرون: Емельянов Д. Н., Стаценко И. Ю., Свириденко О. Ю., Мязин Р. Г., Разваляева О. В., Родионова И. В., Сергеев В. С., Тумаренко А. В., Устинова М. Н., Лешина О. А.
التنسيق: Книга
اللغة:Russian
منشور في: Волгоград ВолгГМУ 2023
الوصول للمادة أونلاين:https://e.lanbook.com/book/419021
https://e.lanbook.com/img/cover/book/419021.jpg
الوسوم: إضافة وسم
لا توجد وسوم, كن أول من يضع وسما على هذه التسجيلة!
LEADER 02730nam0a2200385 i 4500
001 419021
003 RuSpLAN
005 20240705155646.0
008 240705s2023 ru gs 000 0 rus
040 |a RuSpLAN 
041 0 |a rus 
044 |a ru 
080 |a 616.1/.4-07(075) 
084 |a 53.5я73  |2 rubbk 
245 1 |a Пропедевтика внутренних болезней. Сборник тестовых заданий  |b учебное пособие в 3 частях  |c Стаценко М. Е.,Емельянов Д. Н.,Стаценко И. Ю.,Свириденко О. Ю.,Мязин Р. Г.,Разваляева О. В.,Родионова И. В.,Сергеев В. С.,Тумаренко А. В.,Устинова М. Н.,Лешина О. А.   |n Ч. 1  |p Пропедевтика внутренних болезней. Сборник тестовых заданий 
260 |a Волгоград  |b ВолгГМУ  |c 2023 
300 |a 91 с. 
504 |a Библиогр.: доступна в карточке книги, на сайте ЭБС Лань 
520 8 |a Сборник тестовых заданий «Пропедевтика внутренних болезней (часть I)» включает вводную базовую часть по темам занятий «Система дыхания. Система мочеотделения. Эндокринная система», согласно учебному плану, а также содержит проверочный блок по усвоению разделов дисциплины «Пропедевтика внутренних болезней». Пособие подготовлено для обучающихся по специальности «Лечебное дело», дисциплине «Пропедевтика внутренних болезней». Материал способствует формированию компетенций у студентов: ОПК-4; ПК-1; ПК-2. 
521 8 |a Книга из коллекции ВолгГМУ - Медицина 
521 8 |a СЭБ 
100 1 |a Стаценко М. Е. 
700 1 |a Емельянов Д. Н. 
700 1 |a Стаценко И. Ю. 
700 1 |a Свириденко О. Ю. 
700 1 |a Мязин Р. Г. 
700 1 |a Разваляева О. В. 
700 1 |a Родионова И. В. 
700 1 |a Сергеев В. С. 
700 1 |a Тумаренко А. В. 
700 1 |a Устинова М. Н. 
700 1 |a Лешина О. А. 
856 4 |u https://e.lanbook.com/book/419021 
856 4 8 |u https://e.lanbook.com/img/cover/book/419021.jpg 
953 |a https://e.lanbook.com/img/cover/book/419021.jpg